Sri Aurobindo- The hope of man (Record no. 1247972)

MARC details
000 -LEADER
fixed length control field 00496nam a2200193Ia 4500
008 - FIXED-LENGTH DATA ELEMENTS--GENERAL INFORMATION
fixed length control field 151121s9999||||xx |||||||||||||| ||und||
082 ## - DEWEY DECIMAL CLASSIFICATION NUMBER
Classification number 080/Kes
082 ## - DEWEY DECIMAL CLASSIFICATION NUMBER
Item number HNW-66475
100 ## - MAIN ENTRY--PERSONAL NAME
Personal name Keshavmurthi।
245 ## - TITLE STATEMENT
Title Sri Aurobindo- The hope of man
260 ## - PUBLICATION, DISTRIBUTION, ETC. (IMPRINT)
Name of publisher, distributor, etc Dipti Publication।
260 ## - PUBLICATION, DISTRIBUTION, ETC. (IMPRINT)
Date of publication, distribution, etc --
300 ## - PHYSICAL DESCRIPTION
Extent 531
600 ## - SUBJECT ADDED ENTRY--PERSONAL NAME
Personal name Keshavmurthi।
630 ## - SUBJECT ADDED ENTRY--UNIFORM TITLE
Uniform title Sri Aurobindo- The hope of man
700 ## - ADDED ENTRY--PERSONAL NAME
Personal name Keshavmurthi।
730 ## - ADDED ENTRY--UNIFORM TITLE
Uniform title Sri Aurobindo- The hope of man
942 ## - ADDED ENTRY ELEMENTS (KOHA)
Koha item type Book
Holdings
Withdrawn status Lost status Damaged status Not for loan Home library Current library Date acquired Cost, normal purchase price Total Checkouts Full call number Barcode Date last seen Cost, replacement price Price effective from Koha item type
        Hirachand Nemchand Wachanalaya, Solapur Hirachand Nemchand Wachanalaya, Solapur 11/21/2015 28.00   HNW-66475 HNW-66475 11/21/2015 28.00 11/21/2015 Book